000 00299nam a22001337a 4500
008 170714b xxu||||| |||| 00| 0 eng d
020 _a9781285197227
041 _aeng
080 _24TH
_a038
100 _a24
101 _aFJA
245 _aTHE VOYAGE OF DISCOVERY
_cLAWHEAD,W.F
942 _2udc
_cBK
999 _c20886
_d20886